00512cam a2200169ua 4500001000500000005001700005008003900022040000900061082001000070100003100080245006600111250000900177260007000186300001700256653002600273653004300299430620260515113820.0111223n ii |||gr||||Z||||||eng cMAIN a305.41 aMahanta, Aparna,eEditor.,11aHumen rights women of north east indiaced. by Aparna Mahanta a1st. aDibrugarh:bCentre for women studies dibrugarh university,c2002. a278p:c23cm. aSocial group of women aHumen rights women of north east india